000 00945nam a22002417a 4500
008 161018b xxu||||| |||| 00| 0 eng d
020 _a9715503470
082 _22000
_aDFil 303.482
_bJ96
100 _916393
_aJunker, Laura L.
245 _aRaiding, traiding, and feasting:
_bthe political economy of Philippine chiefdoms/
_cLaura L. Junker
260 _aQuezon City:
_bADMU Press,
_cc2000.
300 _avi, 477 pages;
_c23 cm.
500 _aIncludes bibliographical references and index.
650 0 _916394
_aChiefdoms
_xHistory
_zPhilippines.
650 0 _916395
_aPhilippines
_xcommerce
_zAsia.
650 0 _916396
_aAsia
_xcommerce
_zPhilippines.
650 0 _916397
_aPolitical anthropology
_zPhilippines
650 0 _916398
_aEthnohistory
_zPhilippines.
650 0 _916399
_aEthnoarchaelogy
_zPhilippines.
650 0 _916400
_aCeremonial exchange
_zPhilippines.
650 0 _916401
_aPhilippines
_xSocial life and customs.
942 _2ddc
_cDFIL
999 _c5295
_d5295